| 000 | 00359nam a2200133Ia 4500 | ||
|---|---|---|---|
| 008 | 240624s9999 xx 000 0 und d | ||
| 041 | _aeng | ||
| 082 | _a658.4012 GAR | ||
| 100 | _aGARRETTE BERNARD | ||
| 245 | _aCRACKED IT HOW TO SOLVE BIG PROBLEMS AND | ||
| 260 |
_c2018 _aNew York _bPalgrave Macmillan |
||
| 300 | _axix, 284 p.; 23 cm. | ||
| 365 |
_cERU _b38 |
||
| 999 |
_c31550 _d31550 |
||